000 00703nam a22002057a 4500
999 _c158173
_d158173
005 20181018160423.0
010 _aENG-124329
020 _a9789386873514
_c795.00
035 _aEN-107861
037 _bDBAD/PUB
082 _a000
100 _aSinha, Nishit K.
245 _aLogical reasoning and data interpretation for CAT:
_cby Nishit K. Sinha
_balso useful for other MBA entrance examinations /
250 _a6th ed.
260 _aNoida
_bPearson
_c2019
270 _a15th Floor, Tower B, Worls Trade Tower, Plot No.1, Block -C
_bNoida (UP)
_e201301
300 _axxii,various paging
_c27cm.(pbk)
_bill.
500 _aIt includes Mock Test 1-3.
942 _2ddc
_cEN
_h000
_mSIN